=LDR 00000nam 2200000 4500 =001 INLIS000000000001458 =005 20130612085847 =008 ***********************************Ind** =035 ##$$0010-061300000001458 =041 ##$$a Ind =082 ##$$a 811 =090 ##$$a 811, Ham-s =100 ##$$a HAMZAH, Amir =245 ##$$a Stinggi Timur, Amir Hamzah =260 ##$$a 1993 $b Jakarta =300 ##$$a 34 hlm, ilus, 20 cm =650 ##$$a Puisi Kesusastraan Indonesia =850 ##$$a NBPNMAT